| 000 | 01001cab a2200241 4500 | ||
|---|---|---|---|
| 001 | ABS46118 | ||
| 008 | 090401t1992 xxu||||| |||| 00| 0 eng d | ||
| 035 | _a(Sirsi) u56886 | ||
| 041 | _aeng | ||
| 100 | _aWoodland, A. | ||
| 245 | _aMining instability - the ever present risk | ||
| 260 | _c1992 | ||
| 350 | _a0 | ||
| 490 |
_aValuer (ISVA) _v61(2) March 1992, 16-17(2) |
||
| 520 | _aTo help with implementation of the proposals outlined in DoE, "Development on unstable ground" PPG14, Arup Geotechnics has undertaken a "A review of mining instability in Great Britain" (26 volumes) aimed at identifiying potential ground problems due to abandoned mine workings which can lead to subsidence and building movement. Publication details given, together with regional telephone contact numbers. | ||
| 650 | _aABANDONED MINE WORKINGS | ||
| 650 | _aARUP GEOTECHNICS | ||
| 650 | _aGROUND MOVEMENT | ||
| 650 | _aSUBSIDENCE | ||
| 690 | _aMINING AND MINERALS | ||
| 942 | _n0 | ||
| 948 | _c04/03/1997 | ||
| 999 |
_c34716 _d34716 |
||